OECD review of telecommunication policy and regulation in Mexico /

Uloženo v:
Podrobná bibliografie
Korporativní autor: Organisation for Economic Co-operation and Development, OECD (Paris, France) (Původce)
Médium: Kniha
Jazyk:angličtina
Vydáno: Paris : OECD, 2012
Témata:
ISBN:9789264060104
On-line přístup: Získat plný text
Tagy: Přidat tag
Žádné tagy, Buďte první, kdo vytvoří štítek k tomuto záznamu!

MARC

LEADER 00000nam a2200000 4500
003 SK-BrCVT
005 20220618072251.0
006 ad e 000 0
008 120215s2012####fr d e 000 0eng#d
020 |a 9789264060104   |q (brož.) 
035 |a CVTIDW0011686 
040 |a CVTISR  |b slo  |c CVTISR  |e AACR2 
041 0 |a eng 
044 |a fr  |c FR 
080 |a 654  |2 2008 
080 |a 621.39  |2 2008 
110 2 |a Organisation for Economic Co-operation and Development, OECD (Paris, France)  |4 org 
245 1 |a OECD review of telecommunication policy and regulation in Mexico /  |c Organisation for Economic Co-operation and Development 
260 |a Paris :  |b OECD,  |c 2012 
300 |a 140 s. :  |b grafy, lit., tab. ;  |c 28 cm 
610 2 7 |a Organizácia pre hospodársku spoluprácu a rozvoj (Paríž, Francúzsko)  |2 CVTISR 
651 7 |a Mexiko  |2 CVTISR 
653 1 |a telekomunikácie 
653 1 |a telekomunikačný trh 
653 1 |a riadenie 
653 1 |a verejné financie 
653 1 |a ochrana spotrebiteľa 
655 7 |a prehľady  |2 SNKPH 
852 |a CVTISR  |b 1 
856 4 |u http://ezproxy.cvtisr.sk/login.php?url=https://doi.org/10.1787/9789264060111-en 
910 |b E002134  |b A615866 
919 |a 978-92-64-06010-4 
959 |a o12 
959 |a 29 
974 |a maria.Geracsekova  |f Knihy 
992 |a APH 
999 |c 181057  |d 181057